| 000 | 00606 a2200181 4500 | ||
|---|---|---|---|
| 020 | _a 9781338121315 | ||
| 020 | _a1338121316 | ||
| 041 | _aspa | ||
| 041 | _aeng | ||
| 100 | 1 | 0 | _aNegley, Keith |
| 245 | _aLos tipos furos (tambien tienen sentimentos) = Tough guys : (have feelings too) / Keith Negley ; translated by Eida de la Vega. | ||
| 260 | _aLondon ; New York : Flying Eye Books, an imprint of Nobrow Ltd. : Scholastic, c2017 | ||
| 300 |
_a 1 volume (unpaged) : color illustrations ; _c28 cm |
||
| 500 | _aIn English and Spanish. | ||
| 700 | 1 | 0 | _aVega, Eida de la |
| 942 | _cBK | ||
| 952 | _71 | ||
| 999 |
_c20894 _d20894 |
||